[Event "Championnat de France - Open D"]
[Site "NANCY"]
[Date "2013.08.23"]
[Round "11.9"]
[White "Lopez, Charles"]
[Black "Gehin, Raphael"]
[Result "1-0"]
[WhiteElo "1428"]
[BlackElo "1217"]
[PlyCount "143"]
[EventDate "2013.??.??"]

1. d4 Nf6 2. c4 e6 3. g3 c6 4. Bg2 Bb4+ 5. Nd2 d5 6. a3 Bxd2+ 7. Bxd2 O-O 8.
Nf3 h6 9. cxd5 exd5 10. O-O Nbd7 11. Rc1 a5 12. b3 Re8 13. Bc3 Ne4 14. Bb2 Ra6
15. Nd2 Ndf6 16. f3 Ng5 17. Re1 Bh3 18. Bh1 Bf5 19. Rc3 Re6 20. Bc1 Nh3+ 21.
Kg2 g5 22. Nf1 Nh5 23. Ne3 N3f4+ 24. gxf4 Nxf4+ 25. Kf1 Bh3+ 26. Kf2 Rg6 27.
Ng2 Ne6 28. Ke3 Qe7 29. Kd2 Nxd4 30. Re3 Be6 31. Bb2 c5 32. Bxd4 cxd4 33. Rd3
Qxa3 34. Rxd4 Qb2+ 35. Ke3 Qc3+ 36. Qd3 Qc6 37. Rd1 Qd6 38. Kf2 Qc5 39. e3 Rc6
40. Ne1 Qd6 41. f4 Rc5 42. Be4 Rg7 43. Bxd5 Bxd5 44. Rxd5 Rxd5 45. Qxd5 Qb4 46.
Rc1 gxf4 47. Rc8+ Kh7 48. Qd3+ Rg6 49. Rc4 fxe3+ 50. Qxe3 Qd6 51. Nf3 Re6 52.
Re4 Rxe4 53. Qxe4+ Kg8 54. Qxb7 Qc5+ 55. Kg2 Qc2+ 56. Kf1 Qd3+ 57. Kf2 Qc2+ 58.
Ke3 Qc1+ 59. Kd4 Qb2+ 60. Kc5 Qa3+ 61. Kc4 Qc1+ 62. Kb5 Qc3 63. Ka6 Qa1 64.
Qb8+ Kg7 65. Qe5+ Qxe5 66. Nxe5 f5 67. Kxa5 Kf6 68. Nd3 Ke6 69. Kb6 Kd7 70. b4
Kc8 71. Ka7 Kc7 72. b5 1-0

[Event "Championnat de France - Open D"]
[Site "NANCY"]
[Date "2013.08.23"]
[Round "11.10"]
[White "Garassus, Alain"]
[Black "Dupont, Jonathan"]
[Result "0-1"]
[WhiteElo "1410"]
[BlackElo "1499"]
[PlyCount "130"]
[EventDate "2013.??.??"]

1. d4 Nf6 2. c4 g6 3. Nc3 Bg7 4. Nf3 d6 5. e4 O-O 6. Be2 Bg4 7. O-O Nbd7 8. Bd2
e6 9. h3 Bxf3 10. Bxf3 e5 11. d5 Ne8 12. b4 f5 13. c5 dxc5 14. b5 Nd6 15. Qc2
Rf7 16. Be2 Qe7 17. f3 Nb6 18. Nd1 Raf8 19. Nf2 Qh4 20. Qxc5 fxe4 21. Nxe4 Nxe4
22. fxe4 Qxe4 23. Rxf7 Rxf7 24. Bf3 Qd4+ 25. Qxd4 exd4 26. Re1 Rd7 27. Bb4 Nxd5
28. Bg4 Rd8 29. Be6+ Kh8 30. Bxd5 h6 31. Bxb7 d3 32. Be4 d2 33. Rd1 Rd4 34.
Bxg6 Rxb4 35. Rxd2 Bf6 36. Rd7 Be5 37. Bf5 Rxb5 38. Rd8+ Kg7 39. Rd7+ Kf8 40.
Rh7 Bd4+ 41. Kh1 Rxf5 42. g4 Rf2 43. Rd7 Bg7 44. Rxc7 Rxa2 45. Rb7 Ra3 46. Kg2
a5 47. h4 Bf6 48. h5 a4 49. Kf1 Ra2 50. Rb8+ Ke7 51. Rb7+ Kd8 52. Rh7 a3 53.
Rxh6 Ra1+ 54. Ke2 a2 55. Rxf6 Rg1 56. Ra6 a1=Q 57. Rxa1 Rxa1 58. Kf3 Ra5 59.
Kf4 Ke7 60. g5 Ke6 61. h6 Kf7 62. h7 Kg7 63. g6 Ra6 64. Kf5 Rb6 65. Kg5 Rxg6+
0-1